000 00620nam a2200229Ia 4500
003 OSt
005 20221005124928.0
006 a|||||r|||| 00| 0
007 ta
008 221004b |||||||| |||| 00| 0 eng d
024 _a39211
037 _cTextual
040 _aCRL
_cCRL
_beng
041 _2eng
_aeng
082 _aO:2M281:9, H7
245 0 _aNovels of George Meredith
_b And some notes on the English novel
260 _c1947
490 _aEnglish association, Presidential address, 1947
650 _aMEREDITH
_9635976
942 _hO:2M281:9, H7
_cTEXL
_2cc
999 _c1052170
_d1052170